| 000 | 00636nam a22002297a 4500 | ||
|---|---|---|---|
| 001 | 41901 | ||
| 003 | UA-OsUOA | ||
| 005 | 20220710165212.0 | ||
| 007 | ta | ||
| 008 | 20061017b un ||||| |||| 00| 0 ukr d | ||
| 040 |
_aUA-OsUOA _brus _cUA-OsUOA _dUA-OsUOA |
||
| 041 | _arus | ||
| 080 | _a821.111 | ||
| 090 |
_a821.111 _bЛ76 |
||
| 100 | _aЛондон Дж. | ||
| 245 |
_aМартин Иден _cДж. Лондон |
||
| 260 |
_aСПб _bХудожественная литература _c1979 |
||
| 300 | _a288 с. | ||
| 650 | 7 |
_a82 Література. Літературознавство _2UDC |
|
| 942 |
_cBK _2udc |
||
| 955 | _a3 | ||
| 999 |
_c328038 _d328038 |
||